Nelson. Tratado de Pediatría. (Registro nro. 1236)

Detalles MARC
000 -LEADER
fixed length control field 01455nam a2200421 a 4500
005 - FECHA ULTIMA MODIFICACION
control field 20240423122115.0
008 - CAMPO DE CONTROL (LIBRO)
fixed length control field 110624s2013 ag ||||f 001 0 spa
020 ## - INTERNATIONAL STANDARD BOOK NUMBER
ISBN 9788480869584
041 ## - CODIGO DE IDIOMA
Código de idioma del texto/pista de sonido o título separado spa
092 ## - SIGNATURA TOPOGRAFICA DEWEY LOCAL
número de clasificación 618.92
libristica 55
sección NEL
245 ## - TITULO PROPIAMENTE DICHO
Título Nelson. Tratado de Pediatría.
Subtítulo y Título paralelo T.2 /
Mención de responsabilidad y remanente de la transcripción de la portada Robert M. Kliegman
250 ## - MENCION DE EDICION
Mención de edición 19a ed. en español de la obra original en inglés
260 ## - PIE DE IMPRENTA
Lugar de publicación, distribución, etc Barcelona:
Nombre de la editorial, distribuidor, etc Elsevier ; Saunders;
Fecha de publicación 2013.
300 ## - DESCRIPCION FISICA
Extension 1295-2689 p.
Otros detalles físicos il.
500 ## - NOTA GENERAL
Nota general Kliegman R. M. et al. (2013). Nelson. Tratado de Pediatría. T.2 (19a ed.). Barcelona : Elsevier ; Saunders.
653 ## - TÉRMINO INDIZADO - PALABRAS CLAVES
Palabra clave Sistema digestivo
653 ## - TÉRMINO INDIZADO - PALABRAS CLAVES
Palabra clave Aparato respiratorio
653 ## - TÉRMINO INDIZADO - PALABRAS CLAVES
Palabra clave Sistema cardiovascular
653 ## - TÉRMINO INDIZADO - PALABRAS CLAVES
Palabra clave Enfermedades hematológicas
653 ## - TÉRMINO INDIZADO - PALABRAS CLAVES
Palabra clave Cáncer y tumores benignos
653 ## - TÉRMINO INDIZADO - PALABRAS CLAVES
Palabra clave Nefrología
653 ## - TÉRMINO INDIZADO - PALABRAS CLAVES
Palabra clave Trastornos urológicos en lactantes y niños
653 ## - TÉRMINO INDIZADO - PALABRAS CLAVES
Palabra clave Problemas ginecológicos de la infancia
653 ## - TÉRMINO INDIZADO - PALABRAS CLAVES
Palabra clave Sistema endocrino
653 ## - TÉRMINO INDIZADO - PALABRAS CLAVES
Palabra clave Sistema nervioso
653 ## - TÉRMINO INDIZADO - PALABRAS CLAVES
Palabra clave Trastornos neuromusculares
653 ## - TÉRMINO INDIZADO - PALABRAS CLAVES
Palabra clave Enfermedades oculares
653 ## - TÉRMINO INDIZADO - PALABRAS CLAVES
Palabra clave Oído
653 ## - TÉRMINO INDIZADO - PALABRAS CLAVES
Palabra clave Piel
653 ## - TÉRMINO INDIZADO - PALABRAS CLAVES
Palabra clave Trastornos de los huesos y de las articulaciones
653 ## - TÉRMINO INDIZADO - PALABRAS CLAVES
Palabra clave Riesgos medioambientales para la salud
653 ## - TÉRMINO INDIZADO - PALABRAS CLAVES
Palabra clave Pruebas de laboratorio
700 1# - ENTRADAS SECUNDARIAS - NOMBRE PERSONAL
Nombre personal Kliegman, Robert M.
9 (RLIN) 4
700 1# - ENTRADAS SECUNDARIAS - NOMBRE PERSONAL
Nombre personal Behrman, Richard E.
9 (RLIN) 5
700 1# - ENTRADAS SECUNDARIAS - NOMBRE PERSONAL
Nombre personal Stanton, Bonita F.
9 (RLIN) 7
700 1# - ENTRADAS SECUNDARIAS - NOMBRE PERSONAL
Nombre personal St. Geme III, Joseph W.
9 (RLIN) 1955
942 ## - ADDED ENTRY ELEMENTS (KOHA)
Source of classification or shelving scheme Dewey Decimal Classification
Item type Libros
Koha issues (borrowed), all copies 1
Existencias
Estado de retiro Existencia Fuente de clasificación Estado general No para prestamo Ubicación permanente ubicación actual Sala de ubicación Fecha de adquisición Fuente de adquisición Costo, precio normal de compra Total Checkouts Total Renewals Número de clasificación Código de barras Date last seen Date last borrowed Número de ejemplar Price effective from Koha tipo de elemento (item) Public note Colección Coded location qualifier
    Dewey Decimal Classification     Biblioteca Medicina Biblioteca Medicina Circulación 12/03/2013 PROMED 825.00 108 18 616.92 55 NEL 2774 24/04/2026 22/04/2026 ej.11 12/03/2013 Libros COMPRA PROYECTO PROMED 2DA ETAPA, MARZO 2013    
    Dewey Decimal Classification     Biblioteca Medicina Biblioteca Medicina Referencia 09/05/2013   902.00 14 4 618.92 55 NEL 2865 04/07/2018 03/07/2018 ej.12 09/05/2013 Reference LIBRO DE CONSULTA. COMPRA PROMED 2DO AÑO. Mayo 2013 Reference  
    Dewey Decimal Classification     Biblioteca Medicina Biblioteca Medicina Circulación 09/05/2013   902.00 100 22 618.92 55 NEL 2867 10/09/2025 10/09/2025 ej.13 09/05/2013 Libros COMPRA PROMED 2DO AÑO. Mayo 2013    
    Dewey Decimal Classification     Biblioteca Medicina Biblioteca Medicina Circulación 11/04/2023 Donación Dra. Ocampo, Patricia. Abril 2023.       618.92 55 NEL 4837 11/04/2023   Ej. 14 11/04/2023 Libros Donación Dra. Ocampo, Patricia. Abril 2023.    

UNIVERSIDAD NACIONAL DEL COMAHUE
Biblioteca de la Facultad de Ciencias Médicas
Sede Toschi: Los Arrayanes y Av. Toschi, Cipolletti  - Rio Negro
Sede Los Tordos:  Yrigoyen al 2211, Cipolletti - Rio Negro 

Teléfono: 0299 - 4774707 int 25
Contacto: biblioteca@facimed.uncoma.edu.ar
© 2011 - 2026